| 000 | 00471cam a22001457a 4500 | ||
|---|---|---|---|
| 008 | 180718b1973 xxu||||| |||| 00| 0 eng d | ||
| 020 | _a0 08 017699 2 | ||
| 082 | _aB5x43 J635 | ||
| 100 | _aJohnson, Nevil | ||
| 245 |
_aGovernment in the federal republic of Germany:the executive at work _cby Nevil Johnson |
||
| 260 |
_aOxford _bPergamon _c1973 |
||
| 300 | _axv, 218p | ||
| 650 | _aFederal government --Germany (West). | ||
| 650 | _aExecutive departments --Germany (West) | ||
| 999 |
_c421948 _d421948 |
||